La situación en Centroamérica: amenazas a la paz y la seguridad internacionales e iniciativa de paz

Saved in:
Bibliographic Details
Corporate Author: Naciones Unidas. Cuadragésimo cuarto período de sesiones. Secretario General
Format: Text
Published: Managua: Naciones Unidas
Tags: Add Tag
No Tags, Be the first to tag this record!

MARC

LEADER 00000 a a2200000 04500
001 23942
003
040 |a CRAI/IIS  |c CRAI/IIS 
090 |a 169200  
110 |a Naciones Unidas. Cuadragésimo cuarto período de sesiones. Secretario General  
245 |a La situación en Centroamérica: amenazas a la paz y la seguridad internacionales e iniciativa de paz  
260 |a Managua:   |b Naciones Unidas  
300 |a 16 p.; (2 copias)  
999 |c 16838  |d 16838